000
00320nam a22001337a 4500
008
171016b xxu||||| |||| 00| 0 eng d
020
_a
9780199339341
041
_a
eng
080
_2
12TH
_a
33
100
_a
52
101
_a
EKO
245
_a
STUDY GUIDE FOR ENGINEERING ECONOMIC ANALYSIS
_c
NEWNAN,D.G
942
_2
udc
_c
BK
999
_c
34061
_d
34061